Wisdom, information, and wonder : (Record no. 5648)

MARC details
000 -LEADER
fixed length control field 00830pam a2200265 a 4500
001 - CONTROL NUMBER
control field 3382925
005 - DATE AND TIME OF LATEST TRANSACTION
control field 20250515090151.0
008 - FIXED-LENGTH DATA ELEMENTS--GENERAL INFORMATION
fixed length control field 880603s1989 enk b 001 0 eng
010 ## - LIBRARY OF CONGRESS CONTROL NUMBER
LC control number 88018296
020 ## - INTERNATIONAL STANDARD BOOK NUMBER
International Standard Book Number 0415028299
040 ## - CATALOGING SOURCE
Original cataloging agency DLC
Transcribing agency DLC
Modifying agency DLC
050 00 - LIBRARY OF CONGRESS CALL NUMBER
Classification number B72
Item number .M48 1989
100 1# - MAIN ENTRY--PERSONAL NAME
Personal name Midgley, Mary,
Dates associated with a name 1919-
245 10 - TITLE STATEMENT
Title Wisdom, information, and wonder :
Remainder of title what is knowledge for? /
260 ## - PUBLICATION, DISTRIBUTION, ETC. (IMPRINT)
Place of publication, distribution, etc London ;
-- New York :
Name of publisher, distributor, etc Routledge,
Date of publication, distribution, etc 1989.
300 ## - PHYSICAL DESCRIPTION
Extent x, 275 p. ;
Dimensions 23 cm.
500 ## - GENERAL NOTE
General note Spine title: Wisdom, information & wonder.
504 ## - BIBLIOGRAPHY, ETC. NOTE
Bibliography, etc Includes bibliographical references.
650 #0 - SUBJECT ADDED ENTRY--TOPICAL TERM
Topical term or geographic name as entry element Philosophy.
650 #0 - SUBJECT ADDED ENTRY--TOPICAL TERM
Topical term or geographic name as entry element Ordinary-language philosophy.
740 0# - ADDED ENTRY--UNCONTROLLED RELATED/ANALYTICAL TITLE
Uncontrolled related/analytical title Wisdom, information & wonder.
906 ## - LOCAL DATA ELEMENT F, LDF (RLIN)
a 7
b cbc
c orignew
d 1
e ocip
f 19
g y-gencatlg
942 ## - ADDED ENTRY ELEMENTS (KOHA)
Source of classification or shelving scheme Library of Congress Classification
Item type Book
Holdings
Withdrawn status Lost status Source of classification or shelving scheme Damaged status Not for loan Home library Current library Shelving location Date acquired Total Checkouts Total Renewals Full call number Barcode Date last borrowed Price effective from Koha item type
    Library of Congress Classification     Bishop Okullu Memorial Library (Limuru Campus) Bishop Okullu Memorial Library (Limuru Campus) General Circulation 23/09/2009 7 1 B72 .M48 1989 010894 25/10/2018 23/09/2009 Book